[Event "26. Herner Stadtmeisterschaft 2025"]
[Site "?"]
[Date "2025.03.10"]
[Round "6.23"]
[White "Ponto, Michael"]
[Black "Evers, Klaus"]
[Result "0-1"]
[WhiteElo "1833"]
[BlackElo "1790"]
[PlyCount "48"]
[GameId "2154339052237024"]
[EventDate "2025.??.??"]
[WhiteTeam "SV Horst-Emscher 1931"]
[BlackTeam "SV GÃ¼nnigfeld 1922 e."]

1. d4 d5 2. Nf3 Nf6 3. c4 e6 4. g3 Be7 5. Bg2 O-O 6. O-O c5 7. cxd5 exd5 8. Nc3 Nc6 9. Re1 h6 10. e4 dxe4 11. Nxe4 cxd4 12. b3 Bf5 13. Nxf6+ Bxf6 14. Bb2 Nb4 15. Re2 d3 16. Rd2 Bxb2 17. Rxb2 Nc2 18. Rc1 Re8 19. Qd2 Re2 20. Qf4 Bg6 21. Bf1 Re4 22. Qd2 Qf6 23. Rbxc2 dxc2 24. Ne1 Rd8 0-1

[Event "26. Herner Stadtmeisterschaft 2025"]
[Site "?"]
[Date "2025.03.10"]
[Round "6.24"]
[White "Ptaszyk, Henning"]
[Black "Sikorski, Thomas"]
[Result "0-1"]
[WhiteElo "1736"]
[BlackElo "1811"]
[PlyCount "108"]
[GameId "2154379281774546"]
[EventDate "2025.??.??"]
[WhiteTeam "SK Sodingen/Castrop 24/23 e. V."]
[BlackTeam "SF Essen-Katernberg 0"]

1. e4 c6 2. d4 d6 3. Nc3 Nd7 4. f4 e6 5. Nf3 d5 6. Be2 Bb4 7. e5 c5 8. O-O cxd4 9. Nxd4 Ne7 10. Qd3 O-O 11. Na4 a6 12. a3 Ba5 13. b4 Bc7 14. Nb2 b5 15. a4 bxa4 16. Nxa4 Bb7 17. Kh1 Rc8 18. Rb1 Bb8 19. b5 a5 20. Ba3 Rc4 21. Nb2 Rc8 22. Qe3 Ba7 23. Bxe7 Qxe7 24. Nc6 Rxc6 25. Qxa7 Rc7 26. Qxa5 Rxc2 27. Bd3 Ra8 28. Qe1 Rc7 29. Rf3 Nc5 30. Qe2 g6 31. Nd1 Kg7 32. Nf2 Ra4 33. Qd2 Ne4 34. Bxe4 dxe4 35. Re3 Qc5 36. Ng4 Rc8 37. Qd6 h5 38. Qxc5 Rxc5 39. Nf6 Rb4 40. Rd1 Rcxb5 41. Ne8+ Kf8 42. Nd6 Rd5 43. Rde1 Rc5 44. Rd1 Bd5 45. h4 Rc2 46. Rde1 Rbb2 47. g3 Rh2+ 48. Kg1 Rh3 49. Rc1 Rbh2 50. Rc8+ Kg7 51. Ra3 e3 52. Ne8+ Kh6 53. Kf1 Rf2+ 54. Kg1 Rh1# 0-1

[Event "26. Herner Stadtmeisterschaft 2025"]
[Site "?"]
[Date "2025.03.10"]
[Round "6.25"]
[White "BÃ¶cher, Joachim"]
[Black "SchÃ¤ufele, JÃ¶rg"]
[Result "1/2-1/2"]
[WhiteElo "1510"]
[BlackElo "1824"]
[PlyCount "25"]
[GameId "2154335519350937"]
[EventDate "2025.??.??"]
[WhiteTeam "SV GÃ¼nnigfeld 1922 e."]
[BlackTeam "SC Roter Turm Altstadt"]

1. d4 e5 2. dxe5 Nc6 3. Nf3 Qe7 4. Nbd2 Nxe5 5. Nxe5 Qxe5 6. Nf3 Qf6 7. Qd4 Qxd4 8. Nxd4 c5 9. Nf3 d5 10. e3 Nf6 11. Bb5+ Bd7 12. Bxd7+ Kxd7 13. O-O 1/2-1/2

[Event "26. Herner Stadtmeisterschaft 2025"]
[Site "?"]
[Date "2025.03.10"]
[Round "6.26"]
[White "Schicktanz, Florian"]
[Black "Landwehr, Ingo"]
[Result "1/2-1/2"]
[WhiteElo "1777"]
[BlackElo "1703"]
[PlyCount "85"]
[GameId "2154357667370754"]
[EventDate "2025.??.??"]
[WhiteTeam "SV Erkenschwick 1923 e"]
[BlackTeam "Bochumer SV 02"]

1. c4 g6 2. d4 Bg7 3. Nf3 d6 4. Nc3 Nf6 5. e4 O-O 6. Be3 e5 7. dxe5 dxe5 8. Bc5 Qxd1+ 9. Rxd1 Re8 10. Nd5 Na6 11. Ne7+ Kh8 12. Nxe5 Be6 13. Ba3 Bf8 14. N7xg6+ fxg6 15. Bxf8 Rxf8 16. f3 Rad8 17. Be2 Rxd1+ 18. Kxd1 Rd8+ 19. Kc2 Nb4+ 20. Kc3 Nc6 21. Nxc6 bxc6 22. b4 Kg7 23. Rb1 Kf7 24. Rb3 Ke7 25. Ra3 Ra8 26. Ra6 Bd7 27. e5 Nh5 28. g3 Ng7 29. f4 Ne6 30. Bf3 Nd8 31. b5 Bc8 32. Ra5 Bb7 33. Bxc6 Bxc6 34. bxc6 Nxc6 35. Rc5 Kd7 36. Rd5+ Ke7 37. Rc5 Kd7 38. Rd5+ Kc8 39. e6 Kb7 40. Rb5+ Ka6 41. Rc5 Kb6 42. Rb5+ Ka6 43. Rc5 1/2-1/2

[Event "26. Herner Stadtmeisterschaft 2025"]
[Site "?"]
[Date "2025.03.10"]
[Round "6.27"]
[White "Cosic, Tarik"]
[Black "Wiese, Thomas"]
[Result "1-0"]
[WhiteElo "1468"]
[BlackElo "1811"]
[PlyCount "59"]
[GameId "2154336813007037"]
[EventDate "2025.??.??"]
[WhiteTeam "SV Waltrop 1922 e. V."]
[BlackTeam "SV Kamen 1930"]

1. e4 c5 2. Nf3 d6 3. Bb5+ Nd7 4. d4 cxd4 5. Nxd4 Ngf6 6. f3 e6 7. c4 Be7 8. Nc3 a6 9. Bxd7+ Bxd7 10. Be3 Rc8 11. Qd3 O-O 12. O-O Qc7 13. Rac1 Qxc4 14. Qd2 Qb4 15. a3 Qa5 16. Nd5 Qd8 17. Nxe7+ Qxe7 18. Qb4 Rxc1 19. Rxc1 Bc8 20. Qb6 Rd8 21. Bg5 h6 22. Rc7 Qf8 23. Bd2 Nd7 24. Qa7 Nf6 25. Bb4 Ne8 26. Rc2 Qe7 27. Nc6 Qc7 28. Ba5 b6 29. Qxc7 Nxc7 30. Nxd8 1-0

[Event "26. Herner Stadtmeisterschaft 2025"]
[Site "?"]
[Date "2025.03.10"]
[Round "6.28"]
[White "Kowalczyk, Frank"]
[Black "Deno, Thomas"]
[Result "1-0"]
[WhiteElo "1666"]
[BlackElo "1722"]
[PlyCount "69"]
[GameId "2154339973435628"]
[EventDate "2025.??.??"]
[WhiteTeam "SK Sodingen/Castrop 24/23 e. V."]
[BlackTeam "SC Buer-Hassel 1919 e. V."]

1. e4 d6 2. d4 Nf6 3. Nc3 Nbd7 4. Nf3 g6 5. h3 Bg7 6. Be3 O-O 7. Qd2 e5 8. O-O-O exd4 9. Nxd4 Re8 10. f3 Ne5 11. Bh6 Bd7 12. Bxg7 Kxg7 13. Qf2 Nh5 14. g4 Qg5+ 15. Kb1 Nf4 16. h4 Qd8 17. Qg3 Ne6 18. g5 Nxd4 19. Rxd4 Nc6 20. Rd1 Be6 21. f4 Qd7 22. h5 gxh5 23. Rxh5 Bg4 24. Bh3 Bxh3 25. Rxh3 Rh8 26. Rdh1 Ne7 27. f5 Kg8 28. Rh6 Nxf5 29. exf5 Qxf5 30. Rf6 Qe5 31. Qf2 Rf8 32. Rf1 Qe7 33. Nd5 Qd7 34. Rh6 Kg7 35. Qf6+ 1-0

[Event "26. Herner Stadtmeisterschaft 2025"]
[Site "?"]
[Date "2025.03.10"]
[Round "6.29"]
[White "Wieschermann, Axel"]
[Black "Nouman, Abdulrrahman"]
[Result "1-0"]
[WhiteElo "1665"]
[BlackElo "1421"]
[PlyCount "39"]
[GameId "2154335918997670"]
[EventDate "2025.??.??"]
[WhiteTeam "SG Winz-Baak 48"]
[BlackTeam "SG Wanne"]

1. d4 c6 2. e4 d5 3. Nc3 dxe4 4. f3 exf3 5. Nxf3 e6 6. Bd3 Nf6 7. O-O Be7 8. Qe1 Nbd7 9. Qg3 Nh5 10. Qf2 O-O 11. g4 Nhf6 12. Qh4 g6 13. Bg5 Nd5 14. Nxd5 Bxg5 15. Nxg5 h5 16. gxh5 Kg7 17. h6+ Kg8 18. h7+ Kg7 19. Rxf7+ Rxf7 20. Nxe6+ 1-0

[Event "26. Herner Stadtmeisterschaft 2025"]
[Site "?"]
[Date "2025.03.10"]
[Round "6.31"]
[White "Breimann, Tobias"]
[Black "Mayeres, Hans-Christian"]
[Result "0-1"]
[WhiteElo "1693"]
[BlackElo "1837"]
[PlyCount "66"]
[GameId "2154345417957669"]
[EventDate "2025.??.??"]
[WhiteTeam "SV Waltrop 1922 e. V."]
[BlackTeam "SC Recklinghausen Altsta"]

1. e4 g6 2. d4 Bg7 3. f4 d6 4. Nf3 Nf6 5. Nc3 a6 6. Bc4 O-O 7. O-O Nxe4 8. Nxe4 d5 9. Bxd5 Qxd5 10. Ng3 Rd8 11. c3 Bg4 12. Be3 Nd7 13. Qc2 Bxf3 14. Rxf3 e6 15. Qe4 Qc4 16. Rf2 Nf6 17. Qf3 Nd5 18. h4 c5 19. dxc5 Nxe3 20. Qxe3 Rd3 21. Qe4 Qd5 22. Rf3 Qxc5+ 23. Kh2 Rd5 24. Rb1 Rad8 25. Nf1 b5 26. a4 Bf6 27. Kh3 Rd1 28. Rxd1 Rxd1 29. Qa8+ Kg7 30. Qxa6 Qh5 31. g4 Qxh4+ 32. Kg2 Qxg4+ 33. Rg3 Qe2+ 0-1

[Event "26. Herner Stadtmeisterschaft 2025"]
[Site "?"]
[Date "2025.03.10"]
[Round "6.32"]
[White "Simeonidis, Marios"]
[Black "Krolik, Wilfried"]
[Result "0-1"]
[WhiteElo "1298"]
[BlackElo "1702"]
[PlyCount "102"]
[GameId "2154358669219600"]
[EventDate "2025.??.??"]
[WhiteTeam "SV GÃ¼nnigfeld 1922 e."]
[BlackTeam "SV Waltrop 1922 e. V."]

1. e4 c5 2. Nf3 d6 3. d4 cxd4 4. Nxd4 Nf6 5. Nc3 a6 6. Bg5 e6 7. Be2 Be7 8. Nf3 O-O 9. O-O Nbd7 10. Re1 b5 11. a3 Bb7 12. h3 Nxe4 13. Bxe7 Qxe7 14. Nxe4 Bxe4 15. Nd4 Bd5 16. Bf3 Bxf3 17. Qxf3 Qf6 18. Qd1 Rac8 19. c3 d5 20. Qg4 Ne5 21. Qg3 Ng6 22. Re3 Qf4 23. Qxf4 Nxf4 24. Nf3 Rfe8 25. Ne5 f6 26. Nd7 Re7 27. Nb6 Rb8 28. Rf3 Ng6 29. Nxd5 exd5 30. Rd1 Rd8 31. b3 Red7 32. Rfd3 Ne5 33. Rd4 Nc6 34. R4d3 Na5 35. c4 bxc4 36. bxc4 Nxc4 37. Rb1 Rd6 38. a4 Rb6 39. Re1 Rb4 40. Ra1 d4 41. g3 Ne5 42. Rdd1 d3 43. Ra2 Rdd4 44. f4 Nc6 45. a5 Rbc4 46. Rdd2 Nb4 47. Rab2 Rc1+ 48. Kg2 Rc2 49. Rbxc2 Nxc2 50. Kf2 Rd5 51. Kf3 Rxa5 0-1

[Event "26. Herner Stadtmeisterschaft 2025"]
[Site "?"]
[Date "2025.03.10"]
[Round "6.33"]
[White "Lojack, Rouven"]
[Black "Deppe, Stefan"]
[Result "1/2-1/2"]
[WhiteElo "1749"]
[BlackElo "1170"]
[PlyCount "100"]
[GameId "2154351196579509"]
[EventDate "2025.??.??"]
[WhiteTeam "SV KÃ¶nigsspringer Halt"]
[BlackTeam "vereinslos"]

1. e4 e5 2. Nf3 Nc6 3. Bc4 Bc5 4. c3 Nf6 5. d4 exd4 6. cxd4 Bb4+ 7. Nc3 O-O 8. e5 d5 9. exf6 dxc4 10. fxg7 Re8+ 11. Be3 Bg4 12. Kf1 Bxc3 13. bxc3 Qd5 14. h3 Bh5 15. g4 Bg6 16. Rh2 Bd3+ 17. Kg1 Re6 18. Ne1 Be4 19. Ng2 Bxg2 20. Rxg2 Rae8 21. Rb1 b5 22. Qd2 a6 23. Qc2 Ne7 24. a4 Qc6 25. axb5 axb5 26. Bd2 Nd5 27. Rf1 Re2 28. Qd1 Qe6 29. f4 Rxg2+ 30. Kxg2 Ne3+ 31. Bxe3 Qxe3 32. Qf3 Kxg7 33. Qxe3 Rxe3 34. Rf3 Re2+ 35. Kg3 c6 36. f5 Kf6 37. Kf4 h6 38. Re3 Rc2 39. Ke4 Ke7 40. Kf3+ Kd6 41. f6 Rc1 42. Kg3 Rf1 43. Kh4 Rxf6 44. g5 hxg5+ 45. Kxg5 Rg6+ 46. Kf5 Kd7 47. h4 Rh6 48. Kg5 Rg6+ 49. Kf5 Rh6 50. Kg5 Rg6+ 1/2-1/2

[Event "26. Herner Stadtmeisterschaft 2025"]
[Site "?"]
[Date "2025.03.10"]
[Round "6.35"]
[White "Franzel, Christian"]
[Black "Bunzel, Robert"]
[Result "1-0"]
[WhiteElo "1683"]
[BlackElo "1555"]
[PlyCount "103"]
[GameId "2154364151166819"]
[EventDate "2025.??.??"]
[WhiteTeam "SV Schwarz-WeiÃŸ Oberha"]
[BlackTeam "SV Wattenscheid 1930 e"]

1. Nf3 e6 2. g3 Nc6 3. Bg2 d5 4. d3 Nf6 5. Nbd2 Be7 6. e4 dxe4 7. dxe4 e5 8. O-O O-O 9. c3 Be6 10. b4 b5 11. Qe2 a6 12. a4 Rb8 13. axb5 axb5 14. Bb2 Rb6 15. Rfd1 Qc8 16. h4 h6 17. Qd3 Rd8 18. Qc2 Bh3 19. Nf1 Rxd1 20. Rxd1 Bxg2 21. Kxg2 Nh5 22. Ne3 Qe6 23. Ra1 Qg6 24. Nd5 Rb8 25. Nxe7+ Nxe7 26. Nxe5 Qe6 27. Nf3 Qg4 28. Ng1 Ng6 29. Kh2 Re8 30. Re1 Ngf4 31. Qd1 Qxd1 32. Rxd1 Rxe4 33. gxf4 Rxf4 34. Kg2 Rxh4 35. Nf3 Rf4 36. Rd5 Nf6 37. Rxb5 g5 38. Rc5 g4 39. Nd4 h5 40. Rf5 Rxf5 41. Nxf5 Nd5 42. Kg3 f6 43. Kh4 Nf4 44. Bc1 Nd3 45. Be3 Kf7 46. Kxh5 Ne5 47. Nh6+ Ke6 48. Nxg4 Nxg4 49. Kxg4 Ke5 50. f4+ Ke4 51. Bd4 f5+ 52. Kg5 1-0

[Event "26. Herner Stadtmeisterschaft 2025"]
[Site "?"]
[Date "2025.03.10"]
[Round "6.36"]
[White "Mai, Michael"]
[Black "Werner, Lennert"]
[Result "0-1"]
[WhiteElo "1426"]
[BlackElo "1059"]
[PlyCount "88"]
[GameId "2154342964826383"]
[EventDate "2025.??.??"]
[WhiteTeam "SV GÃ¼nnigfeld 1922 e."]
[BlackTeam "SK Sodingen/Castrop 24/23 e. V."]

1. d4 f5 2. c4 Nf6 3. Nc3 e6 4. Bg5 Be7 5. Nf3 c6 6. e3 d5 7. cxd5 cxd5 8. Bd3 O-O 9. O-O Nc6 10. Rc1 Bd7 11. Qe2 Ne4 12. Bxe7 Nxc3 13. bxc3 Qxe7 14. c4 dxc4 15. Rxc4 a6 16. Rfc1 Rfc8 17. Nd2 b5 18. Rc5 Nb4 19. Nb3 Nxd3 20. Qxd3 Rxc5 21. Nxc5 Rc8 22. h3 e5 23. Qb3+ Kh8 24. Qd5 exd4 25. exd4 Be6 26. Qe5 Qf7 27. Re1 Bxa2 28. Nxa6 Bc4 29. Nc5 h6 30. Re3 Qd5 31. Qxd5 Bxd5 32. Re5 Bc4 33. Rxf5 Rd8 34. Rf4 Rb8 35. Rf3 b4 36. Na4 b3 37. Nb2 Bd5 38. Rd3 Be4 39. Rd2 Ra8 40. f3 Bc2 41. d5 Kg8 42. Kf2 Kf7 43. Ke3 Ra2 44. Nc4 b2 0-1

[Event "26. Herner Stadtmeisterschaft 2025"]
[Site "?"]
[Date "2025.03.10"]
[Round "6.39"]
[White "Mohammad, Othman"]
[Black "von Blumenthal, Nikolaus"]
[Result "0-1"]
[WhiteElo "1206"]
[BlackElo "1484"]
[PlyCount "96"]
[GameId "2154354444150500"]
[EventDate "2025.??.??"]
[WhiteTeam "SG Wanne"]
[BlackTeam "SV Zeppelin Herne e. V."]

1. e4 e5 2. Nf3 d6 3. Bc4 Be7 4. h3 Nf6 5. d3 Nc6 6. Ng5 O-O 7. c3 h6 8. Nf3 Na5 9. Na3 Nxc4 10. Nxc4 b6 11. Be3 c5 12. Qe2 Bb7 13. O-O-O Qc7 14. g4 b5 15. g5 hxg5 16. Ncd2 Nh7 17. h4 g4 18. Ng5 f5 19. f3 f4 20. Bf2 g3 21. Bg1 Nxg5 22. hxg5 Bxg5 23. Qg2 Rf6 24. Rh5 Bh6 25. Qh3 Bc8 26. Qh4 Qf7 27. Kb1 Be6 28. b3 a5 29. c4 b4 30. Kb2 Qd7 31. Ra1 a4 32. Qh1 axb3 33. Nxb3 Qa4 34. Kc2 Qc6 35. Kb2 Ra3 36. Kc2 Qa8 37. Kb2 Bd7 38. Bxc5 dxc5 39. Nxc5 Ba4 40. Rxe5 Qc6 41. d4 Rc3 42. Rc1 Re3 43. Qd1 Bxd1 44. Rxd1 Qa8 45. Ka1 Re2 46. a4 Rc6 47. Kb1 Rxc5 48. dxc5 Qxa4 0-1

[Event "26. Herner Stadtmeisterschaft 2025"]
[Site "?"]
[Date "2025.03.10"]
[Round "6.40"]
[White "Malessa, Uwe"]
[Black "PreuÃŸ, Thorsten"]
[Result "0-1"]
[WhiteElo "1465"]
[BlackElo "1164"]
[PlyCount "84"]
[GameId "2154337964085461"]
[EventDate "2025.??.??"]
[WhiteTeam "SV Erkenschwick 1923 e"]
[BlackTeam "Bochumer SV 02"]

1. d4 d5 2. Nf3 Nf6 3. c4 dxc4 4. Nc3 g6 5. e3 Bg7 6. Bxc4 a6 7. a4 O-O 8. O-O Nc6 9. Re1 Re8 10. e4 Na5 11. Ba2 b6 12. Bg5 Bb7 13. e5 Nd5 14. Nxd5 Bxd5 15. Bxd5 Qxd5 16. b4 Nc6 17. Bc1 Rad8 18. Bb2 Nxb4 19. Ba3 Nc6 20. Bb2 Qc4 21. Rc1 Qd5 22. Qd2 Na5 23. Rxc7 Nb3 24. Qe3 Na5 25. Rec1 Qe6 26. Ng5 Qd5 27. Qh3 h6 28. Nf3 Nb3 29. R1c6 Rb8 30. e6 h5 31. exf7+ Qxf7 32. Ne5 Bxe5 33. dxe5 Rf8 34. f3 Nc5 35. Qg3 Kh7 36. Qg5 Ne6 37. Qxe7 Nxc7 38. Rxc7 Qxe7 39. Rxe7+ Kg8 40. e6 Rfe8 41. Rg7+ Kf8 42. Ba3+ Kxg7 0-1

[Event "26. Herner Stadtmeisterschaft 2025"]
[Site "?"]
[Date "2025.03.17"]
[Round "7.1"]
[White "Mainusch, Martin"]
[Black "Werrn, Pascal"]
[Result "1/2-1/2"]
[WhiteElo "2094"]
[BlackElo "2169"]
[PlyCount "42"]
[GameId "2156898700747213"]
[EventDate "2025.??.??"]
[WhiteTeam "SV Mülheim-Nord 1931 e"]
[BlackTeam "SK Sodingen/Castrop 24/23 e. V."]

1. d4 Nf6 2. Nf3 g6 3. e3 Bg7 4. Be2 O-O 5. O-O c5 6. d5 e6 7. Nc3 d6 8. Re1 exd5 9. Nxd5 Nxd5 10. Qxd5 Nc6 11. e4 Be6 12. Qd1 d5 13. exd5 Bxd5 14. Bg5 f6 15. Be3 b6 16. c3 Ne7 17. Qa4 Qc7 18. Bf4 Qb7 19. Qa6 Qc6 20. Qb5 Qb7 21. Qa6 Qc6 1/2-1/2

[Event "26. Herner Stadtmeisterschaft 2025"]
[Site "?"]
[Date "2025.03.17"]
[Round "7.2"]
[White "Winterberg, Andreas"]
[Black "Kandyba, Andriy"]
[Result "1-0"]
[WhiteElo "2049"]
[BlackElo "2024"]
[PlyCount "109"]
[GameId "2156869061308605"]
[EventDate "2025.??.??"]
[WhiteTeam "SV Waltrop 1922 e. V."]
[BlackTeam "SV Bochum-Linden-Dahlh"]

1. e4 e6 2. d4 d5 3. Nc3 dxe4 4. Nxe4 Nd7 5. Bd3 Ngf6 6. Qe2 Be7 7. Nf3 O-O 8. O-O b6 9. Re1 Bb7 10. Neg5 Bxf3 11. Qxf3 h6 12. Ne4 c5 13. dxc5 Nxc5 14. Nxc5 bxc5 15. Bf4 Qd5 16. Qe2 Bd6 17. Bd2 Qh5 18. Qxh5 Nxh5 19. g3 Nf6 20. Rad1 Bc7 21. Be3 Bb6 22. c4 Rad8 23. Be2 Ne4 24. Rd3 Rxd3 25. Bxd3 Nf6 26. h3 Rd8 27. Rd1 Kf8 28. Kf1 Ke7 29. Ke2 Ne8 30. a3 Nd6 31. b4 Rc8 32. Rc1 e5 33. a4 a5 34. b5 f5 35. h4 Kf6 36. Bb1 Ke6 37. Rd1 Nb7 38. f3 Rd8 39. Rg1 Nd6 40. g4 f4 41. Bf2 Ke7 42. Bd3 Rh8 43. h5 Nf7 44. Be1 Ng5 45. Bc3 Kf6 46. Bf5 Rd8 47. Re1 Ne6 48. Bxe6 Kxe6 49. Rd1 Rxd1 50. Kxd1 Bc7 51. Ke2 Bb6 52. Kd3 Bc7 53. Ke4 Kf6 54. Kd5 Bb8 55. Bxa5 1-0

[Event "26. Herner Stadtmeisterschaft 2025"]
[Site "?"]
[Date "2025.03.17"]
[Round "7.3"]
[White "Hahn, Matthias"]
[Black "Kantor, Nikita"]
[Result "1-0"]
[WhiteElo "2105"]
[BlackElo "1934"]
[PlyCount "57"]
[GameId "2156892597227870"]
[EventDate "2025.??.??"]
[WhiteTeam "SV Bochum-Linden-Dahlh"]
[BlackTeam "SpVigung Sterkrade-Nord"]

1. d4 d5 2. c4 e6 3. Nc3 Nf6 4. cxd5 exd5 5. Bg5 Bb4 6. Qb3 c5 7. dxc5 Nc6 8. O-O-O Qa5 9. Bxf6 gxf6 10. Nxd5 Qxc5+ 11. Qc2 Qxc2+ 12. Kxc2 Bf5+ 13. Kc1 Rc8 14. Nxf6+ Kf8 15. e4 Be6 16. Kb1 Be7 17. Nd5 Nb4 18. a3 Nxd5 19. exd5 Rd8 20. Bc4 Bf5+ 21. Ka2 Rg8 22. g3 b5 23. Be2 b4 24. axb4 Bxb4 25. Nf3 Be4 26. Rd4 Rg4 27. Rxb4 Bxd5+ 28. Ka3 Bxf3 29. Bxf3 1-0

[Event "26. Herner Stadtmeisterschaft 2025"]
[Site "?"]
[Date "2025.03.17"]
[Round "7.5"]
[White "Koscielski, Janusz"]
[Black "Cobanoglu, Ferhat"]
[Result "1-0"]
[WhiteElo "2266"]
[BlackElo "1888"]
[PlyCount "107"]
[GameId "2156872099336400"]
[EventDate "2025.??.??"]
[WhiteTeam "SV Wattenscheid 1930 e"]
[BlackTeam "SK Sodingen/Castrop 24/23 e. V."]

1. e4 e5 2. Nf3 Nf6 3. Nc3 Bb4 4. Nxe5 d6 5. Nd3 Bxc3 6. dxc3 Nxe4 7. Qe2 O-O 8. Be3 d5 9. O-O-O c6 10. f3 Nd6 11. Kb1 Re8 12. Qf2 Nf5 13. Bc1 Qb6 14. Qxb6 axb6 15. Nf4 Nd7 16. c4 Nf6 17. cxd5 g5 18. Nh3 Nxd5 19. Nxg5 Nfe3 20. Re1 Bf5 21. Ne4 Bxe4 22. fxe4 Rxe4 23. c4 Nxc4 24. Rxe4 Na3+ 25. bxa3 Nc3+ 26. Kc2 Nxe4 27. Bd3 Nc5 28. Re1 Ne6 29. Bb2 Ra5 30. Re5 Ra4 31. Re4 Ra5 32. Bc3 Rh5 33. h3 Kf8 34. Bc4 Ke7 35. Bxe6 fxe6 36. Rg4 Rf5 37. Rg7+ Kd6 38. g4 Rf2+ 39. Kb3 h5 40. gxh5 Rf3 41. h6 Rxh3 42. h7 e5 43. Rxb7 b5 44. Kb4 Rh4+ 45. Ka5 Kc5 46. Bb4+ Kc4 47. Rc7 Kd5 48. Kb6 Rh3 49. Rd7+ Kc4 50. Kxc6 Rh6+ 51. Bd6 e4 52. Re7 e3 53. Kd7 e2 54. Bb4 1-0

[Event "26. Herner Stadtmeisterschaft 2025"]
[Site "?"]
[Date "2025.03.17"]
[Round "7.6"]
[White "Lang, Daniel"]
[Black "Boxberg, Olaf"]
[Result "1-0"]
[WhiteElo "2135"]
[BlackElo "1834"]
[PlyCount "109"]
[GameId "2156866409803948"]
[EventDate "2025.??.??"]
[WhiteTeam "SV Wattenscheid 1930 e"]
[BlackTeam "SV Datteln 1924"]

1. d4 d6 2. c4 Nf6 3. Nc3 c6 4. e4 Qa5 5. Bd3 e5 6. d5 Be7 7. Nge2 Nbd7 8. O-O O-O 9. Rb1 Qc7 10. f3 Nc5 11. Bc2 a5 12. a3 Bd7 13. b3 Rfc8 14. Be3 cxd5 15. cxd5 b5 16. b4 axb4 17. axb4 Na4 18. Nxa4 bxa4 19. Bd3 Qb7 20. Qd2 Bb5 21. Bxb5 Qxb5 22. Nc3 Qb7 23. Qd3 Nd7 24. Qb5 Qxb5 25. Nxb5 a3 26. Rf2 a2 27. Ra1 Rcb8 28. Nc7 Ra3 29. Bc1 Rc3 30. Na6 Rbc8 31. Bb2 Rc2 32. Rxc2 Rxc2 33. Rxa2 Nb6 34. b5 Nc4 35. Nb4 Rxb2 36. Rxb2 Nxb2 37. b6 Bd8 38. b7 Bc7 39. Kf1 Bb8 40. Na6 Bc7 41. Ke2 Na4 42. b8=Q+ Bxb8 43. Nxb8 Kf8 44. Kd3 Ke7 45. Kc4 Kd8 46. Kb4 Kc7 47. Kxa4 Kxb8 48. h4 f6 49. h5 g6 50. h6 Ka8 51. Kb5 Kb7 52. g3 f5 53. exf5 gxf5 54. g4 Kc7 55. g5 1-0

[Event "26. Herner Stadtmeisterschaft 2025"]
[Site "?"]
[Date "2025.03.17"]
[Round "7.7"]
[White "Dlouhy, Peter"]
[Black "Quast, Marcel"]
[Result "0-1"]
[WhiteElo "1754"]
[BlackElo "2137"]
[PlyCount "84"]
[GameId "2156878903582961"]
[EventDate "2025.??.??"]
[WhiteTeam "SV Unser Fritz Wanne-E"]
[BlackTeam "SC Gerthe 46 - Werne"]

1. d4 f5 2. c4 Nf6 3. Nc3 d6 4. h4 c6 5. Nf3 a5 6. Qc2 g6 7. Bg5 Nbd7 8. e3 Bg7 9. Be2 O-O 10. h5 Nxh5 11. Rxh5 gxh5 12. Nh4 h6 13. Bxh6 Bxh6 14. Nxf5 Rxf5 15. Qxf5 Nf6 16. Qg6+ Bg7 17. O-O-O Bd7 18. Rh1 Be8 19. Qg5 e6 20. Qg3 Qe7 21. Qh4 Kf8 22. f4 Bg6 23. Qg5 Kf7 24. Qg3 Rh8 25. Qf3 d5 26. c5 Bf5 27. Qf2 Qd8 28. Qe1 Bg6 29. Qh4 Ng4 30. Qg3 Bf5 31. Qf3 Qf6 32. Nd1 Bg6 33. Nf2 Nxf2 34. Qxf2 Qf5 35. Kd2 Qc2+ 36. Ke1 Qxb2 37. Bd1 Qxf2+ 38. Kxf2 b6 39. cxb6 Rb8 40. Ba4 Rxb6 41. Rc1 Rb2+ 42. Kg3 Bf6 0-1

[Event "26. Herner Stadtmeisterschaft 2025"]
[Site "?"]
[Date "2025.03.17"]
[Round "7.8"]
[White "Graw, Christopher"]
[Black "Rohloff, Markus"]
[Result "1-0"]
[WhiteElo "2227"]
[BlackElo "1870"]
[PlyCount "43"]
[GameId "2156899985281500"]
[EventDate "2025.??.??"]
[WhiteTeam "SK Sodingen/Castrop 24/23 e. V."]
[BlackTeam "SV Rot-Weiß-Altenessen"]

1. d4 Nf6 2. c4 e5 3. dxe5 Ne4 4. a3 Nc6 5. Nf3 d6 6. Qc2 Bf5 7. Nc3 Ng3 8. e4 Nxh1 9. exf5 dxe5 10. Be3 Bd6 11. O-O-O O-O 12. c5 Nd4 13. Nxd4 exd4 14. Rxd4 Qf6 15. cxd6 cxd6 16. Kb1 Rac8 17. Bd3 Qe5 18. g3 d5 19. Qd2 Rfe8 20. Nxd5 Rcd8 21. f6 g6 22. Be4 1-0

[Event "26. Herner Stadtmeisterschaft 2025"]
[Site "?"]
[Date "2025.03.17"]
[Round "7.9"]
[White "Waldschmidt, Georg"]
[Black "Schmidt, Ralph"]
[Result "0-1"]
[WhiteElo "2125"]
[BlackElo "1932"]
[PlyCount "62"]
[GameId "2156892068094289"]
[EventDate "2025.??.??"]
[WhiteTeam "SK Sodingen/Castrop 24/23 e. V."]
[BlackTeam "SV Bochum-Linden-Dahlh"]

1. e4 e5 2. Nf3 Nc6 3. Bc4 Bc5 4. c3 Nf6 5. d4 exd4 6. e5 d5 7. Bb5 Ne4 8. cxd4 Bb4+ 9. Bd2 Nxd2 10. Nbxd2 Bd7 11. O-O O-O 12. a3 Bxd2 13. Bxc6 Bxc6 14. Qxd2 a5 15. Rac1 Bb5 16. Rfe1 a4 17. Re3 Ra6 18. g3 Qd7 19. Rce1 Re8 20. Nh4 Rh6 21. f4 Qg4 22. Qg2 Bd7 23. Rf1 g5 24. fxg5 Qxg5 25. Rf4 Kh8 26. Nf3 Qg6 27. Nh4 Qg5 28. Nf3 Qg6 29. Qf2 Rg8 30. Nh4 Qg5 31. Nf3 Qxf4 0-1

[Event "26. Herner Stadtmeisterschaft 2025"]
[Site "?"]
[Date "2025.03.17"]
[Round "7.10"]
[White "Wiechen, Ulrich"]
[Black "Slaby, Dietmar"]
[Result "1-0"]
[WhiteElo "2156"]
[BlackElo "1794"]
[PlyCount "85"]
[GameId "2156873507434715"]
[EventDate "2025.??.??"]
[WhiteTeam "SC Buer-Hassel 1919 e. V."]
[BlackTeam "SV Königsspringer Halt"]

1. e4 c5 2. Nf3 d6 3. d4 cxd4 4. Nxd4 Nf6 5. Nc3 g6 6. Bg5 Bg7 7. Be2 a6 8. Qd2 h6 9. Be3 Ng4 10. Bxg4 Bxg4 11. f3 Bd7 12. O-O Bc6 13. a4 Nd7 14. a5 Ne5 15. b3 g5 16. h3 e6 17. Nce2 d5 18. Ng3 Rg8 19. Nxc6 bxc6 20. Bb6 Qd6 21. Nh5 Bh8 22. Rad1 Nd7 23. Bf2 O-O-O 24. b4 Ne5 25. Bc5 Qd7 26. Qf2 Nc4 27. Ng3 Bf6 28. exd5 exd5 29. Rfe1 Rde8 30. Re4 Nd6 31. Re2 Be5 32. Rde1 f6 33. Nf1 h5 34. Bxd6 Qxd6 35. Qb6 Kd7 36. Qa7+ Ke6 37. Qxa6 Ra8 38. Qb7 Rgb8 39. Qh7 Rxb4 40. Ng3 Rf4 41. Nxh5 Qc5+ 42. Kh1 Rh4 43. Qg6 1-0

[Event "26. Herner Stadtmeisterschaft 2025"]
[Site "?"]
[Date "2025.03.17"]
[Round "7.11"]
[White "Zygan, Michael"]
[Black "Wolff, Christoph"]
[Result "0-1"]
[WhiteElo "1913"]
[BlackElo "1986"]
[PlyCount "68"]
[GameId "2156888085328174"]
[EventDate "2025.??.??"]
[WhiteTeam "SK Sodingen/Castrop 24/23 e.V."]
[BlackTeam "SV Horst-Emscher 1931"]

1. d4 Nf6 2. Nf3 g6 3. Bf4 Bg7 4. c3 d5 5. e3 O-O 6. Bd3 c5 7. Nbd2 Nc6 8. h3 Nd7 9. O-O e5 10. dxe5 Ndxe5 11. Nxe5 Nxe5 12. Bxe5 Bxe5 13. Nf3 Bg7 14. Bc2 b6 15. Bb3 Bb7 16. Qe2 Qe7 17. Rfe1 Bc6 18. Rad1 Rad8 19. Rd2 Rfe8 20. Red1 Qb7 21. a3 Bf6 22. Ba2 d4 23. cxd4 cxd4 24. Bc4 b5 25. Ba2 Qb6 26. Re1 dxe3 27. fxe3 Rxd2 28. Qxd2 Bxf3 29. gxf3 Qc5 30. Re2 Bg5 31. Kf2 Rd8 32. Qb4 Qe5 33. Qg4 Qh2+ 34. Qg2 Bh4+ 0-1